Dispensarios y sanatorios antituberculosos : (Record no. 70054)

MARC details
000 -LEADER
campo de control de longitud fija 00870nam a2200205 i 4500
001 - NÚMERO DE CONTROL
campo de control 70054
003 - IDENTIFICADOR DE NÚMERO DE CONTROL
campo de control ES-MaACL
005 - FECHA Y HORA DE LA ÚLTIMA TRANSACCIÓN
campo de control 20230906170714.0
007 - CAMPO FIJO DE DESCRIPCIÓN FÍSICA--INFORMACIÓN GENERAL
campo de control de longitud fija t|
008 - DATOS DE LONGITUD FIJA--INFORMACIÓN GENERAL
campo de control de longitud fija 040715s1909 sp ||||1| spa d
100 1# - ENTRADA PRINCIPAL--NOMBRE DE PERSONA
Nombre de persona García del Moral, José.
9 (RLIN) 54520
245 10 - MENCIÓN DEL TÍTULO
Título Dispensarios y sanatorios antituberculosos :
Resto del título conferencia leída en el Instituto Carbajal de Santander en la noche del 5 de marzo de 1905 /
Mención de responsabilidad, etc. J. García del Moral.
250 ## - MENCION DE EDICION
Mención de edición 2ª ed. de 5.500 ejemplares.
260 ## - PUBLICACIÓN, DISTRIBUCIÓN, ETC.
Lugar de publicación, distribución, etc. Santander :
Nombre del editor, distribuidor, etc. [s.n.],
Fecha de publicación, distribución, etc. 1909 (
Fabricante Imp., Lit. y Enc. Vda. de F. Fons)
300 ## - DESCRIPCIÓN FÍSICA
Extensión 22 p. :
Otras características físicas il. ;
Dimensiones 17 cm.
530 ## - NOTA DISPONIBLE DE FORMULARIO FÍSICO ADICIONAL
Nota de formato físico adicional disponible Disponible en formato digital.
650 #4 - PUNTO DE ACCESO ADICIONAL DE MATERIA--TÉRMINO DE MATERIA
Término de materia o nombre geográfico como elemento de entrada Hospitales para tuberculosos.
9 (RLIN) 170344
852 4# - LOCALIZACIÓN
Ubicación ES-MaACL
Número de control de estantería T-1213-F-4
856 4# - LOCALIZACIÓN Y ACCESO ELECTRÓNICOS
Identificador Uniforme de Recursos <a href="http://ciconia.gobex.es/biblioteca/es/consulta/registro.cmd?id=4219">http://ciconia.gobex.es/biblioteca/es/consulta/registro.cmd?id=4219</a>
Nota pública Biblioteca Digital del Patrimonio Cultural de Extremadura
Holdings
Estatus retirado Estado de pérdida Estado de daño No para préstamo Colección Biblioteca de origen Biblioteca actual Ubicación en estantería Fecha de adquisición Fuente de adquisición Total de préstamos Signatura topográfica completa Código de barras Visto por última vez Precio de reemplazo Tipo de ítem Koha
        Colección de folletos Biblioteca del Ateneo de Madrid Biblioteca del Ateneo de Madrid Depósito folletos 17/01/2008     T-1213-F-4 1073358 23/02/2023 23/02/2023 Folleto